Sarmiento en Chile /

Si las ideas del liberalismo integrado pueden asociarse con Alberdi, las del liberalismo excluyente le pertenecen a Sarmiento. En este capítulo, comentarios sobre su obra principal, Facundo, y sobre lo que será la materia prima de una verdadera literatura nacional.

Guardado en:
Autor Principal: Feinmann, José Pablo
Autor Corporativo: Canal Encuentro.
Formato: Deslizar
Publicado: Argentina, 2010
Series:Filosofía aquí y ahora - Temporada 3
Materias:
Etiquetas: Agregar Etiqueta
Sin Etiquetas, Sea el primero en etiquetar este registro!
LEADER 01333ngm a22003615g 4500
001 CEM.cems023376
008 130507s2010##################0###0#####d
005 20250328163042.0
245 1 0 |a Sarmiento en Chile /  |c José Pablo Feinmann. 
260 |a Argentina,  |c 2010 
300 |a 28'. 
490 0 |a Filosofía aquí y ahora - Temporada 3 
538 |a Soporte: DVD - Color: Si - Grabación DRD. 
590 |a Identificación anterior registrada en SIABUC: D62C 
500 |a Consultar en ventanilla. 
520 |a Si las ideas del liberalismo integrado pueden asociarse con Alberdi, las del liberalismo excluyente le pertenecen a Sarmiento. En este capítulo, comentarios sobre su obra principal, Facundo, y sobre lo que será la materia prima de una verdadera literatura nacional. 
100 1 |a Feinmann, José Pablo 
710 2 |a Canal Encuentro. 
082 1 0 |/ FEI-3 
653 |a FILOSOFIA 
653 |a FILOSOFIA AQUI Y AHORA 
653 |a FEINMANN 
653 |a HISTORIA 
653 |a HISTORIA ARGENTINA 
653 |a LIBERALISMO 
653 |a SARMIENTO 
653 |a ALBERDI 
653 |a LITERATURA ARGENTINA 
653 |a LITERATURA 
653 |a UNITARIOS Y FEDERALES 
653 |a FACUNDO 
653 |a SERIE DE TELEVISIÓN 
859 |a CEMS  |b BIB. CEMS - Depto. Recursos Didacticos  |h 100  |i FEI-3  |k DRD  |p 2019.15  |t Ej.1